Loading...
| History - World | 0 | 5 | 1 | 1 | 45 | 25 | 59.40 | 0 | 3 | 0.00 | 0.00 |
| Religion | 0 | 3 | 0 | 2 | 30 | 81 | 93.33 | 0 | 0 | 0.00 | 0.00 |
| Current Events | 0 | 3 | 0 | 1 | 30 | 49 | 65.67 | 2 | 3 | 0.00 | 0.00 |
| History - European | 0 | 2 | 0 | 0 | 20 | 57 | 57.50 | 0 | 1 | 0.00 | 0.00 |
| Popular Culture | 0 | 2 | 0 | 1 | 20 | 16 | 68.50 | 1 | 2 | 0.00 | 0.00 |
| Mythology | 0 | 2 | 1 | 0 | 15 | 55 | 67.50 | 0 | 1 | 0.00 | 0.00 |
| Literature - World | 0 | 1 | 0 | 0 | 10 | 82 | 82.00 | 0 | 0 | 0.00 | 0.00 |
| Philosophy | 0 | 1 | 0 | 0 | 10 | 34 | 34.00 | 0 | 1 | 0.00 | 0.00 |
| Science - Biology | 0 | 1 | 0 | 0 | 10 | 71 | 71.00 | 0 | 0 | 0.00 | 0.00 |
| Social Science | 0 | 1 | 0 | 0 | 10 | 40 | 40.00 | 1 | 1 | 0.00 | 0.00 |
| Geography | 0 | 1 | 0 | 1 | 10 | 94 | 94.00 | 0 | 0 | 0.00 | 0.00 |
| History - American | 0 | 1 | 0 | 0 | 10 | 70 | 70.00 | 0 | 1 | 0.00 | 0.00 |
| Literature - American | 0 | 1 | 0 | 0 | 10 | 71 | 71.00 | 0 | 1 | 0.00 | 0.00 |
| Literature - British | 0 | 1 | 0 | 0 | 10 | 47 | 47.00 | 1 | 1 | 0.00 | 0.00 |
| Literature - European | 0 | 1 | 0 | 0 | 10 | 101 | 101.00 | 0 | 0 | 0.00 | 0.00 |